LEADER 01489nam a22003375a 4500
001 EIQ.libpla002330
008 750513s1973####fr#a#####b####000#0#eng#d
005 20070529153852.0
245 0 0 |a Lyophilisation de matières biologiques =  |b Freeze-drying of biological materials /  |c edité par Institut International du Froid. 
260 |a Paris :  |b L'Institut,  |c 1973. 
300 |a 121 p. :  |b il. ;  |c 24 cm. 
490 1 |a Supplément au Bulletin I.I.F./I.I.R. Annexe ; 173-5 
490 0 |a Science et technique du froid 
500 |a Ingles con sumarios en francés. 
504 |a Incluye referencias bibliográficas. 
710 2 |a Institut International du Froid.  |b Commission C1. 
711 2 |a International Symposium on the Freeze-Drying of Biological Materials  |d (1973 :  |c Sapporo, Japan) 
711 2 |a Symposium international sur la lyophilisation de matières biologiques  |d (1973 :  |c Sapporo, Japan) 
810 2 |a International Institute of Refrigeration.  |t Bulletin. Annexe ;  |v 1973-5. 
246 1 |a Freeze-drying of biological materials. 
082 0 0 |a 579/.2 
650 4 |a Liofilización  |x Congresos. 
650 4 |a Especímenes biológicos  |x Colección. 
650 4 |a Especímenes biológicos  |x Preservación. 
650 0 |a Freeze-drying  |x Congresses. 
650 4 |a Biological specimens  |x Collection. 
650 4 |a Biological specimens  |x Preservation. 
010 |a  75505430  
040 |a DLC  |c DLC  |d AR-BbSID 
041 0 |a eng  |b fre 
859 |a AR-BbSID  |b BIB. PLAPIQUI  |h 664.028 53  |i L 979  |p 2077